|
|
|
|
| LEADER |
00000nam a2200000 a 4500 |
| 001 |
UCG1526 |
| 003 |
CL-VaPUC |
| 008 |
100506e20080000UK |||||||||||||||||spa|d |
| 020 |
|
|
|a 9780746094419
|
| 082 |
0 |
4 |
|a 301
|b JON
|2 21
|
| 100 |
0 |
|
|a Jones, Rob Lloyd
|e author
|9 549494
|
| 700 |
0 |
|
|a Hancock, David
|e author
|9 549495
|
| 245 |
1 |
0 |
|a Conoce por dentro El antiguo Egipto: con más de 70 solapas
|
| 250 |
|
|
|a 1a. ed
|
| 300 |
|
|
|a 14 p
|
| 942 |
|
|
|c BK
|
| 945 |
|
|
|d 20100506 00:00:00
|a cmena
|
| 260 |
|
|
|a Londres
|b Usborne
|c 2008
|
| 500 |
|
|
|a Visita: www.usborne.com
|
| 500 |
|
|
|a Trasládate en el tiempo. En el antiguo Egipto visitarás tumbas faraónicas, templos grandiosos y mercados bulliciosos. Gracias a las bellas ilustraciones y las solapas de este libro, aprenderás cómo se vivía en el antiguo Egipto
|
| 650 |
|
0 |
|a Arqueología
|9 265619
|
| 650 |
|
0 |
|a Historia antigua
|9 267521
|
| 650 |
|
0 |
|a Costumbres y tradiciones
|9 268292
|
| 651 |
|
0 |
|a Egipto
|9 268199
|
| 583 |
|
|
|a last modification
|c 20100506 00:00:00
|k Rodrigo Vera
|
| 999 |
|
|
|c 340876
|d 340874
|
| 952 |
|
|
|0 0
|1 0
|4 0
|6 301_000000000000000_JON_2008
|7 0
|8 C
|9 436012
|a BIBCUR
|b BIBCUR
|d 2019-11-22
|i 4671244
|l 4
|o 301 JON 2008
|p 4671244
|r 2025-04-22
|s 2025-03-07
|w 2019-11-22
|y BK
|k EXP
|